Petit Bac - Lettre Y - Statistiques

Statistiques générales
  • Ce quiz a été pris 1 643 fois
  • Le résultat moyen est 5 sur 10
Statistiques - réponses
Catégories Réponses en Y % Correct
Prénom Yvonne / Yasmine / Younes / Yassine / Youssef / Yann / Youssouf / Yuna / Yusuf / Youcef / Yousra / Yacine / Ylan / Yasmina / Yara / Yasser / Yohan / Yaelle / Yoann / Yannis / Yazid / Yassin / Ylann / Yoan / Yahya / Youna / Yaniss / Youssra / Yoni / Yamina / Yassir / Youness / Ysée / Yolande / Youliane / Ysolde / Yvona / Yannick / Yorick / Yven / Yves / Yolaine / Youria / Yolanda / Yolene / Yvon / Yvonne / Yveline / Yvette / Yahia / Yamine / Yamna / Yanil / Yanina / Yanna / Yann / Ying / Ylane / Ylena / Ylies / Yliess / Ylonna / Ynes / Yoane / Yoham / Yoko / Yonah / Yonna / Youenn / Youmna / Yovann / Yrina / Yuri / Yvannah / Yvanne / Yvonnic / Yvonnick / Yaba / Yagmur / Yamile / Yana / Yanice / Yaniv / Yao / Yaron / Yasmine / Ylian / Yanael / Yvain / Yvelise / Yanis / Yolan / Yoel / Yoric / Yris / Yacov / Yaell / Yacob / Yris / Ydris / Yvan / Yacinthe / Yanic / Yliass / Ysabelle / Yacine / Yvonne / Yovan / Youssouf / Yanissa / Ybrahim
100%
Objet Yacht / Yaourtière / Yaourt / Yo-Yo / Yole / Yourte / Yoyo / Yucca / Yuan / Yen / Ypérite / Yin
87%
Pays Yemen / Yougoslavie
83%
Animal Yack / Yarará chica / Yak / Yorkshire / Yapock / Yarara
68%
Marque Yacco / Yahoo / Yamaha / Yonger et bresson / Yoox / Yoplait / Younited Credit / YouTube / Yves Rocher / Yves Saint Laurent / Youporn / YMCMB / YSL / Yoko / Yako / Yanka / Yamato / Yankee / Yendi / Youtube
59%
Partie du corps Yeux
42%
Sport Yoga / Yoseikan budo / Yukigassen
28%
Fruit ou légume Yacon / Yuzu
15%
Métier Yield manager / Ymagier / Yodler / Youtubeur
14%
Vêtement Yachmak / Yukata
6%
Aucun quiz correspondant
Distribution des résultats
% des personnes avec chaque résultat
Percentile par nombre de réponses
Votre historique - résultats
Vous n’avez pas pris ce quiz